000 00873nam a2200253Ia 4500
003 OSt
005 20220923215835.0
006 a|||||r|||| 00| 0
007 ta
008 220922b |||||||| |||| 00| 0 hin d
024 _a182,126
037 _cTextual
040 _aARTS
_cARTS
_bhin
041 _2hin
_ahin
082 _aO152,1N42x, N6
100 _aगुप्त, ज्ञानचन्द्र
245 0 _aकही कोई बात हुई होगी
246 _aKahī koī bāt huī hogī
260 _aदिल्ली
_b शांति पुस्तक मंदिर प्रकाशन
_c1996
300 _a110 पृ.
_ccm.
650 _aहिन्दी साहित्य
_9156264
942 _hO152,1N42x, N6
_cTEXL
_2CC
999 _c335500
_d335500